Loading...
Current Events | 1 | 0.00 | 0% | 0% | 0% |
Fine Arts - Classical Music | 3 | 6.67 | 67% | 0% | 0% |
Fine Arts - Other Fine Arts | 2 | 10.00 | 100% | 0% | 0% |
Fine Arts - Painting and Sculpture | 4 | 12.50 | 100% | 25% | 0% |
History - American History | 4 | 17.50 | 100% | 75% | 0% |
History - European History | 5 | 12.00 | 80% | 40% | 0% |
History - Other History | 4 | 10.00 | 100% | 0% | 0% |
History - World History | 1 | 20.00 | 100% | 0% | 100% |
Literature - American Literature | 4 | 12.50 | 100% | 25% | 0% |
Literature - British Literature | 4 | 12.50 | 100% | 25% | 0% |
Literature - European Literature | 5 | 8.00 | 80% | 0% | 0% |
Literature - World Literature | 4 | 10.00 | 75% | 25% | 0% |
Mythology | 4 | 10.00 | 100% | 0% | 0% |
Other Academic | 2 | 15.00 | 100% | 50% | 0% |
Philosophy | 2 | 10.00 | 100% | 0% | 0% |
Pop Culture | 1 | 20.00 | 100% | 100% | 0% |
Religion | 2 | 10.00 | 50% | 0% | 50% |
Science - Biology | 3 | 10.00 | 100% | 0% | 0% |
Science - Chemistry | 3 | 3.33 | 33% | 0% | 0% |
Science - Other Science | 3 | 3.33 | 33% | 0% | 0% |
Science - Physics | 7 | 7.14 | 43% | 29% | 0% |
Social Science | 2 | 10.00 | 100% | 0% | 0% |